000 00721nam a2200181Ia 4500
008 090123s9999 xx 000 0 und d
082 _b24859
100 _aसुर्यकांत
245 _aनिसर्ग चित्रकार-चंद्रकांत मांडरे
250 _a0
260 _bमहाराष्ट्र शासन शिक्षण
300 _a160
600 _aसुर्यकांत
630 _aनिसर्ग चित्रकार-चंद्रकांत मांडरे
700 _aसुर्यकांत
730 _aनिसर्ग चित्रकार-चंद्रकांत मांडरे
942 _cBOOK
999 _c62930
_d62930